| 000 | 00951nam a22002297a 4500 | ||
|---|---|---|---|
| 999 |
_c7530 _d7530 |
||
| 003 | AR-CdUCM | ||
| 008 | 190320b ||||| |||| 00| 0 spa d | ||
| 040 |
_aMUNICIPALIDAD PROVINCIAL DEL CUSCO _cBIBLIOTECA MUNICIPAL DEL CUSCO |
||
| 041 | _hru | ||
| 082 |
_a320.157 / _bL45 |
||
| 100 |
_aLenin, Vladimir Ilich Ulianov _921256 |
||
| 245 | _aEl derecho de las naciones a la autodeterminación / | ||
| 260 |
_aMéxico : _bGrijalbo, _c1969. |
||
| 300 |
_a153 páginas ; _c17 cm. |
||
| 440 |
_aColección 70 _n58 _921257 |
||
| 505 | _aContenido: El derecho de las naciones a la autodeterminación - El proletariado revolucionario y el derecho de las naciones a la autodeterminación - Tesis sobre el problema nacional - El problema nacional en nuestro programa -- Acerca del problema nacional del P. O. S. D. R. | ||
| 650 |
_aSoberania _97638 |
||
| 650 |
_aAutodeterminación _921258 |
||
| 650 |
_aMercado _942 |
||
| 942 |
_2ddc _cLIBROS |
||
| 945 | _adavv | ||